|
|
|
|
| LEADER |
00000nam0a2200000 4500 |
| 001 |
156550 |
| 005 |
20231031153231.0 |
| 035 |
|
|
|a (RuTPU)RU\TPU\book\169791
|
| 090 |
|
|
|a 156550
|
| 100 |
|
|
|a 20090328d1941 m y0rusy50 ca
|
| 101 |
0 |
|
|a rus
|
| 102 |
|
|
|a RU
|
| 105 |
|
|
|a a z 001zy
|
| 200 |
1 |
|
|a Охрана недр
|f П. А. Манукян
|
| 210 |
|
|
|a Москва
|a Ленинград
|c Гостоптехиздат
|d 1941
|
| 215 |
|
|
|a 220 с.
|c ил.
|
| 320 |
|
|
|a Библиогр.: с. 218-219.
|
| 610 |
1 |
|
|a недра
|
| 610 |
1 |
|
|a охрана
|
| 610 |
1 |
|
|a горные разработки
|
| 610 |
1 |
|
|a сдвижение пород
|
| 610 |
1 |
|
|a шахты
|
| 610 |
1 |
|
|a полезные ископаемые
|
| 610 |
1 |
|
|a учет
|
| 610 |
1 |
|
|a угольная промышленность
|
| 610 |
1 |
|
|a потери
|
| 675 |
|
|
|a 504.5
|v 3
|
| 700 |
|
1 |
|a Манукян
|b П. А.
|g Паруир Аветович
|
| 801 |
|
1 |
|a RU
|b 63413507
|c 20090328
|g PSBO
|
| 801 |
|
2 |
|a RU
|b 63413507
|c 20180808
|g RCR
|
| 942 |
|
|
|c BK
|